| 000 | 00806nam a2200289Ia 4500 | ||
|---|---|---|---|
| 001 | 13216 | ||
| 003 | IT-RoPAU | ||
| 008 | 130308s9999 xx 000 0 und d | ||
| 040 | _aIT-RoPAU | ||
| 040 | _cIT-RoPAU | ||
| 041 | _aITALIANO | ||
| 100 | _aCollet Jean | ||
| 100 | _gCodice Aut. SPICS: 7915 | ||
| 245 | _aIntrigo, il turbamento, l'amore (L') | ||
| 245 | _bFrancois Truffaut-L'Intrigo, Il Turbamento, l'amore nell'opera di un Homme-Cinema | ||
| 250 | _a1a ed. | ||
| 260 | _aFIRENZE | ||
| 260 | _bLa Casa Usher | ||
| 260 | _c1981 [1° Ed.:1981 - Ed.Ling.Originale:1981] | ||
| 300 | _a"13 p. (prefazione: no ; testo: 13 [pagine: 81-93])" | ||
| 650 | _aAUTORI/OPERE DEL CINEMA | ||
| 650 | _eCodice materia Spics: 6807 | ||
| 942 | _cBK | ||
| 957 | _71 | ||
| 999 |
_c52813 _d52813 |
||
| 999 | _bSI | ||
| 999 | _g1 | ||